000 00431cam a2200145 4500500
005 20251012032530.0
041 _afre
042 _adc
100 1 0 _aLe Moing, Monique
_eauthor
245 0 0 _aAdam et Éve, catacomber de Rome
260 _c2004.
500 _a44
786 0 _nSigila | 14 | 2 | 2004-12-20 | p. 15-15 | 1286-1715
856 4 1 _uhttps://shs.cairn.info/revue-sigila-2004-2-page-15?lang=fr&redirect-ssocas=7080
999 _c1547572
_d1547572